Κατάλογος Βιβλιοθηκών Mediterranean College

The New Logo / From California (Record no. 3926)

MARC details
000 -LEADER
fixed length control field 01663cam a22002054a 4500
005 - ΗΜΕΡΟΜΗΝΙΑ ΚΑΙ ΩΡΑ ΤΕΛΕΥΤΑΙΑΣ ΕΝΗΜΕΡΩΣΗΣ
Πεδίο ελέγχου 20250605164129.0
008 - FIXED-LENGTH DATA ELEMENTS--GENERAL INFORMATION
Πεδίο ελέγχου σταθερού μήκους 250528s ||||||||||||||||||||||||d
035 ## - SYSTEM CONTROL NUMBER
System control number 18577
020 ## - ISBN
ISBN 3910052347
040 ## - ΠΗΓΗ ΚΑΤΑΛΟΓΟΓΡΑΦΗΣΗΣ
Φορέας πρωτότυπης καταλογογράφησης MC Athens Campus Library
Γλώσσα καταλογογράφησης Ελληνικά, Μοντέρνα (1453-)
Modifying agency MC Athens Campus Library
Κανόνες περιγραφικής καταλογογράφησης AACR2
245 1# - ΤΙΤΛΟΣ ΚΑΙ ΔΗΛΩΣΗ ΥΠΕΥΘΥΝΟΤΗΤΑΣ
Τίτλος The New Logo / From California
260 ## - PUBLICATION, DISTRIBUTION, ETC.
Name of publisher, distributor, etc. Madison Square Press,
Date of publication, distribution, etc. 1993
300 ## - PHYSICAL DESCRIPTION
Extent 214
505 0# - FORMATTED CONTENTS NOTE
Formatted contents note Introduction, Designs Based on Human Figures, Designs Based on Faces, Designs Based on Eyes, Designs Based on Hands, Designs Based on Animals and Birds, Designs Based on Sea Life, Designs Based on Earth Elements, Designs Based on Growing Things, Designs Based on Food, Designs Based on Architecture, Designs Based on Musical Themes, Designs Based on Objects, Designs Based on Shapes, Designs Based on Signets, Designs Based on Initials, Designs Based on Numbers, Typographic Designs, Design Studio Index, Designer Index, Client Index, Art Director Index, Illustrator Index, Acknowledgements.
520 ## - SUMMARY, ETC.
Summary, etc. Introduction, Designs Based on Human Figures, Designs Based on Faces, Designs Based on Eyes, Designs Based on Hands, Designs Based on Animals and Birds, Designs Based on Sea Life, Designs Based on Earth Elements, Designs Based on Growing Things, Designs Based on Food, Designs Based on Architecture, Designs Based on Musical Themes, Designs Based on Objects, Designs Based on Shapes, Designs Based on Signets, Designs Based on Initials, Designs Based on Numbers, Typographic Designs, Design Studio Index, Designer Index, Client Index, Art Director Index, Illustrator Index, Acknowledgements.
700 1# - ΠΡΟΣΘΕΤΗ ΑΝΑΓΡΑΦΗ--ΦΥΣΙΚΟ ΠΡΟΣΩΠΟ
Personal name Rosentswieg Gerry
9 (RLIN) 4837
942 ## - ADDED ENTRY ELEMENTS (KOHA)
Koha item type Books
Holdings
Τύπος τεκμηρίου Βιβλιοθήκη Τρέχουσα τοποθεσία Barcode Αριθμός εισαγωγής Ημερομηνία απόκτησης Ταξιθετικό σύμβολο Αριθμός αντιτύπου Κατάσταση απόσυρσης Κατάσταση χαμένου Κατάσταση κατεστραμμένου Μη δανεισμός Σύνολο δανεισμών Ημερομηνία τελευταίας εμφάνισης Η τιμή ισχύει από
Books MC Athens Campus Library MC Athens Campus Library 9780000039255 3480 05/06/2025 741.6 ROS 1           05/06/2025 05/06/2025

MC Athens Campus Library
Πατησίων 94 & Κοδριγκτώνος 13, 104 34
Πελλήνης 8 & Πατησίων 107, 112 51
Τ: +30 210 8899600

MC Thessaloniki Campus Library
Ίωνος Δραγούμη 21, 54625 | Ίωνος Δραγούμη 15, 54625
Τ: +30 2310 287779 – Τ: +30 2314 440300